El Defensor del Pueblo y el caso judicial (Registro nro. 16704)

Detalles MARC
000 -LEADER
fixed length control field 00326 a2200109 4500
001 - CONTROL NUMBER
control field ART_10689
005 - DATE AND TIME OF LATEST TRANSACTION
control field 20260410161718.0
008 - FIXED-LENGTH DATA ELEMENTS--GENERAL INFORMATION
fixed length control field 260409a
100 1# - MAIN ENTRY--PERSONAL NAME
Personal name Toricelli, Maximiliano
245 10 - TITLE STATEMENT
Title El Defensor del Pueblo y el caso judicial
773 0# - HOST ITEM ENTRY
Title Derecho administrativo
Related parts - Nº 80 (abr. 2012)
Record control number REV1721

No hay ítems disponibles.